MARC

Tag First Indicator Second Indicator Subfields
LEADER 00000cam a2200000 i 4500
001 in00000341849
005 20240327131547.0
008 760723s1975 enk b 001 0 eng
010 |a  76351307  
015 |a GB75-18592 
019 |a 1466426  |a 1045057423  |a 1060841003  |a 1077962351  |a 1367985509 
020 |a 0874716152  |q (Rowman and Littlefield) 
020 |a 9780874716153  |q (Rowman and Littlefield) 
020 |a 0855270144 
020 |a 9780855270148 
029 1 |a AU@  |b 000000780424 
029 1 |a AU@  |b 000048014530 
029 1 |a GBVCP  |b 123608473 
029 1 |a NLGGC  |b 093899440 
029 1 |a NZ1  |b 14094822 
029 1 |a NZ1  |b 2833125 
029 1 |a DEBSZ  |b 004852605 
035 |a (OCoLC)ocm02932436  
035 |a (OCoLC)2932436  |z (OCoLC)1466426  |z (OCoLC)1045057423  |z (OCoLC)1060841003  |z (OCoLC)1077962351  |z (OCoLC)1367985509 
035 |a (OCoLC)ocm02932436  
040 |a DLC  |b eng  |c DLC  |d OCL  |d OCLCQ  |d NLGGC  |d BTCTA  |d LVB  |d YDXCP  |d GSU  |d DRB  |d GBVCP  |d OCLCO  |d OCLCF  |d OCLCQ  |d OCLCO  |d OCLCQ  |d OCL  |d ERD  |d WYU  |d IL4J6  |d OCLCO  |d OCL  |d OCLCO  |d OCLCL  |d OCLCQ 
043 |a e-uk-en 
050 0 0 |a DA185  |b .S23 1975 
082 0 0 |a 942 
084 |a 15.70  |2 bcl 
084 |a 73.49  |2 bcl 
100 1 |a Salusbury-Jones, Goronwy Tidy. 
245 1 0 |a Street life in medieval England /  |c by G.T. Salusbury-Jones. 
250 |a 2d ed., new impression. 
260 |a Hassocks, Eng. :  |b Harvester Press ;  |a Totowa, N.J. :  |b Rowman and Littlefield,  |c 1975. 
300 |a 213 pages ;  |c 19 cm 
336 |a text  |b txt  |2 rdacontent 
337 |a unmediated  |b n  |2 rdamedia 
338 |a volume  |b nc  |2 rdacarrier 
504 |a Includes bibliographical references (pages 198-204) and index. 
505 0 |a The repair of the streets -- Traffic problems -- Street cleaning -- Some hygienic measures -- Law and order -- Time and tune. 
651 0 |a England  |x Social life and customs  |y 1066-1485. 
650 0 |a Streets  |z England. 
650 0 |a Cities and towns, Medieval  |z England. 
650 0 |a Streets. 
650 0 |a Cities and towns, Medieval  |v Congresses. 
651 0 |a Great Britain  |x Social life and customs. 
650 6 |a Rues. 
650 6 |a Villes médiévales  |v Congrès. 
651 6 |a Grande-Bretagne  |x Mœurs et coutumes. 
651 6 |a Angleterre  |x Mœurs et coutumes  |y 1066-1485. 
650 6 |a Rues  |z Angleterre. 
650 6 |a Villes médiévales  |z Angleterre. 
650 7 |a streets.  |2 aat 
650 7 |a Cities and towns, Medieval  |2 fast 
650 7 |a Manners and customs  |2 fast 
650 7 |a Streets  |2 fast 
651 7 |a Great Britain  |2 fast  |1 https://id.oclc.org/worldcat/entity/E39PBJdmp7p3cx8hpmJ8HvmTpP 
651 7 |a England  |2 fast  |1 https://id.oclc.org/worldcat/entity/E39PBJpYDdYvBpjXV6WpybK68C 
650 7 |a Streets  |z Great Britain  |x History.  |2 nli 
650 7 |a Transportation  |z Great Britain  |x History.  |2 nli 
648 7 |a 1066-1485  |2 fast 
653 0 |a Cities  |a England 
653 0 |a England  |a Social  |a 1066-1485 
653 0 |a Streets  |a England 
655 7 |a Conference papers and proceedings  |2 fast 
758 |i has work:  |a Street life in medieval England (Work)  |1 https://id.oclc.org/worldcat/entity/E39PCG6G4kfD3gHbYTKMRDDKBP  |4 https://id.oclc.org/worldcat/ontology/hasWork 
776 0 8 |i Online version:  |a Salusbury-Jones, Goronwy Tidy.  |t Street life in medieval England.  |b 2d ed., new impression.  |d Hassocks, Eng. : Harvester Press ; Totowa, N.J. : Rowman and Littlefield, 1975  |w (OCoLC)623199369 
938 |a Baker and Taylor  |b BTCP  |n 76351307 //r93  |c $12.75 (U.S.) 
938 |a YBP Library Services  |b YANK  |n 916582 
948 |h HELD BY TXA - 222 OTHER HOLDINGS 
994 |a Z0  |b TXA 
999 f f |s 9c2afde2-75b5-3997-b6e8-18f7494eb5aa  |i d0049c43-ab97-37db-a89c-aa7b5324fd99  |t 0 
952 f f |p ric  |a Texas A&M University  |b Rellis Campus  |c Joint Library Facility  |s JLF  |d Remote Storage  |t 0  |e DA185 .S23 1975  |h Library of Congress classification  |i unmediated -- volume  |m A14801916251